Music Quiz

Random Music or Song Quiz
Score 0/100 Timer 10:00
13 Plays Today
Song Artist % Correct
Livin' On A PrayerBon Jovi
95%
Wanted Dead or AliveBon Jovi
95%
Walk Like an EgyptianThe Bangles
92.6%
I Wanna Dance With Somebody (Who Loves Me)Whitney Houston
92.2%
Didn't We Almost Have It AllWhitney Houston
92.2%
With or Without YouU2
91.1%
I Still Haven't Found What I'm Looking ForU2
91.1%
Open Your HeartMadonna
89.6%
Who's That GirlMadonna
89.6%
Causing a CommotionMadonna
89.6%
La Isla BonitaMadonna
89.6%
I Just Can't Stop Loving YouMichael Jackson & Siedah Garrett
88.9%
BadMichael Jackson
88.9%
ControlJanet Jackson
85.6%
Let's Wait AwhileJanet Jackson
85.6%
I Knew You Were Waiting (For Me)Aretha Franklin & George Michael
81.3%
I Want Your SexGeorge Michael
79.8%
Jacob's LadderHuey Lewis & The News
77%
Hip To Be SquareHuey Lewis & The News
77%
Doing It All For My BabyHuey Lewis & The News
77%
Here I Go AgainWhitesnake
76%
Mony MonyBilly Idol
74%
To Be a LoverBilly Idol
74%
I Think We're Alone NowTiffany
72.9%
Land of ConfusionGenesis
72.1%
In Too DeepGenesis
72.1%
Tonight, Tonight, TonightGenesis
72.1%
Everybody Have Fun TonightWang Chung
70.4%
(You Gotta) Fight For Your Right (To Party)Beastie Boys
69.5%
U Got the LookPrince
69.3%
Sign O' The TimesPrince
67.2%
AloneHeart
66.6%
Who Will You Run ToHeart
66.6%
La BambaLos Lobos
62.8%
Song Artist % Correct
Nothing's Gonna Stop Us NowStarship
62.1%
Rhythm Is Gonna Get YouGloria Estefan & Miami Sound Machine
60.6%
Little LiesFleetwood Mac
57.8%
Big LoveFleetwood Mac
57.8%
NotoriousDuran Duran
53.4%
The Way It IsBruce Hornsby & The Range
52.3%
Mandolin RainBruce Hornsby & The Range
52.3%
Only In My DreamsDebbie Gibson
51.6%
(I Just) Died In Your ArmsCutting Crew
51.2%
I've Been in Love BeforeCutting Crew
51.2%
(I've Had) The Time of My LifeBill Medley & Jennifer Warnes
50.1%
Don't Dream It's OverCrowded House
49.6%
Something So StrongCrowded House
49.6%
Lady in RedChris de Burgh
48.4%
LukaSuzanne Vega
47%
Big TimePeter Gabriel
47%
Stand By MeBen E. King
46%
Brilliant DisguiseBruce Springsteen
43.2%
Keep Your Hands to YourselfThe Georgia Satellites
41.2%
Touch Me (I Want Your Body)Samantha Fox
38.4%
Ballerina GirlLionel Richie
38.2%
I Heard a RumourBananarama
38%
ShakedownBob Seger
37.2%
Don't Get Me WrongThe Pretenders
35.8%
When Smokey SingsABC
35.3%
The Next Time I FallPeter Cetera & Amy Grant
34.9%
You Keep Me Hangin' OnKim Wilde
34.1%
CarrieEurope
32.3%
Don't Mean NothingRichard Marx
32.2%
Will You Still Love Me?Chicago
32.2%
Somewhere Out ThereLinda Ronstadt & James Ingram
31.2%
Head to ToeLisa Lisa & Cult Jam
30.4%
Lost In EmotionLisa Lisa & Cult Jam
30.4%
C'est La VieRobbie Nevil
30.1%
Song Artist % Correct
The Finer ThingsSteve Winwood
30%
Looking For a New LoveJody Watley
29.6%
Heart and SoulT'pau
28.4%
Change of HeartCyndi Lauper
25.6%
At This MomentBilly Vera & The Beaters
23.5%
Respect YourselfBruce Willis
23.5%
Just to See HerSmokey Robinson
23.4%
Lean on MeClub Nouveau
23.4%
Shake You DownGregory Abbott
23.3%
Heat of the NightBryan Adams
23.1%
Meet Me HalfwayKenny Loggins
22%
BreakoutSwing Out Sister
21.5%
AlwaysAtlantic Starr
21%
You Got It AllThe Jets
20.9%
Cross My Broken HeartThe Jets
20.9%
Come Go With MeExposé
18.5%
Let Me Be The OneExposé
18.5%
Point of No ReturnExposé
18.5%
Midnight BlueLou Gramm
18.5%
Nothing's Gonna Change My Love For YouGlenn Medeiros
15.2%
SongbirdKenny G
14.6%
Is This LoveSurvivor
12.8%
VictoryKool & The Gang
12.7%
CasanovaLevert
12.4%
SomedayGlass Tiger
12.3%
FunkytownPseudo Echo
11.5%
Can't We TryDan Hill
10.7%
Rock SteadyThe Whispers
10.6%
DiamondsHerb Alpert
8.9%
Don't Disturb This GrooveThe System
8.6%
Right on TrackThe Breakfast Club
8.5%
Love You DownReady For The World
8%

You're not logged in!

Compare scores with friends on all Sporcle quizzes.
OR
Log In

Sporcle TV

Today on Sporcle TV


Watch our educational content, quiz creation guides, and fun videos on Sporcle TV.

Show Comments

Extras

Top Quizzes Today


Score Distribution

Paid Content

Your Account Isn't Verified!

In order to create a playlist on Sporcle, you need to verify the email address you used during registration. Go to your Sporcle Settings to finish the process.

Report this User

Report this user for behavior that violates our Community Guidelines.

Details: